000 00328nam a22001457a 4500
003 OSt
008 250516b |||||||| |||| 00| 0 eng d
100 _aARYA, Mange Ram
245 _achaturvedamrit Ras
250 _a2nd
260 _aNew Delhi
_bArya Prakashan
_c2002
300 _a176
650 _aGeneral
942 _2ddc
_cBK
999 _c13583
_d13583